Normal view
MARC view
- City and Guild
Entry Personal Name
001 - CONTROL NUMBER
- control field: 54398
003 - CONTROL NUMBER IDENTIFIER
- control field: NUST
005 - DATE AND TIME OF LATEST TRANSACTION
- control field: 20210421115945.0
008 - FIXED-LENGTH DATA ELEMENTS
- fixed length control field: 210421|| aca||aabn | a|a d
040 ## - CATALOGING SOURCE
- Original cataloging agency: NUST
- Transcribing agency: NUST
100 ## - HEADING--PERSONAL NAME
- Personal name: City and Guild
670 ## - SOURCE DATA FOUND
- Source citation: Work cat.: (NUST): City and Guild, The Auto Cad 2004 vol 1, 2012
